عرض عادي
عرض مارك
- Computer architecture.
مدخل مصطلح موضوعي
001 - رقم الضبط
- حقل الضبط: 88735
003 - معرف رقم الضبط
- حقل الضبط: OSt
005 - تاريخ ووقت أخر عملية
- حقل الضبط: 20210307102543.0
008 - عناصر بيانات ثابتة الطول
- حقل تحكم ثابت الطول: 210307|| aca||aabn | a|a d
040 ## - مصدر الفهرسة
- هيئة الفهرسة الأصلية: OSt
- وكالة الكتابة: OSt
150 ## - مدخل-- مصطلح تاريخي
- عنصر مدخل المصطلح الموضوعي او الاسم الجغرافي: Computer architecture.
670 ## - بيانات المصدر موجوده
- الاستشهاد بالمصدر: Work cat.: (OSt)0: Null, Linda, author. 88733, The essentials of computer organization and architecture /
